[Event "Voronezh op-B 22nd"]
[Site "Voronezh"]
[Date "2018.06.20"]
[Round "9"]
[White "Rubtsov, Victor"]
[Black "Vlasova, Olesia"]
[Result "1-0"]
[WhiteElo "1735"]
[BlackElo "1682"]
[PlyCount "75"]
[EventDate "2018.06.12"]
[EventType "swiss"]
[EventRounds "9"]
[EventCountry "RUS"]
[SourceTitle "CBM 185 Extra"]
[Source "ChessBase"]
[SourceDate "2018.07.29"]
[SourceVersion "1"]
[SourceVersionDate "2018.07.29"]
[SourceQuality "1"]

1. d4 d5 2. Bg5 g6 3. Nf3 Bg7 4. e3 Nf6 5. Bd3 0-0 6. 0-0 c6 7. Nbd2 Bg4 8. h3 Bxf3 9. Nxf3 Nbd7 10. c4 Qb6 11. Qc2 Rfe8 12. Rac1 dxc4 13. Bxc4 e5 14. dxe5 Nxe5 15. Nxe5 Rxe5 16. Bf4 Ree8 17. Rfd1 Rad8 18. b3 Qa5 19. a4 Rxd1+ 20. Rxd1 Rd8 21. Bd6 Rd7 22. Bf4 Qd8 23. Rxd7 Qxd7 24. Be5 a6 25. b4 Ne8 26. Bxg7 Kxg7 27. b5 cxb5 28. axb5 axb5 29. Qb2+ Nf6 30. Bxb5 Qd5 31. Be2 Qa5 32. Qxb7 Qe1+ 33. Bf1 Qa1 34. g3 Qe5 35. Bc4 Ne4 36. Qxf7+ Kh6 37. Qf8+ Kh5 38. Be2+ 1-0

[Event "Voronezh Winter Rating op"]
[Site "Voronezh"]
[Date "2015.01.20"]
[Round "3"]
[White "Rubtsov, Victor"]
[Black "Saprykin, Dmitry"]
[Result "0-1"]
[WhiteElo "1668"]
[BlackElo "1817"]
[PlyCount "84"]
[EventDate "2015.01.17"]
[EventType "swiss"]
[EventRounds "9"]
[EventCountry "RUS"]
[SourceTitle "EXT 2017"]
[Source "ChessBase"]
[SourceDate "2016.10.25"]
[SourceVersion "1"]
[SourceVersionDate "2016.10.25"]
[SourceQuality "1"]

1. e4 d6 2. d4 Nf6 3. Nc3 g6 4. Be3 Bg7 5. f3 c6 6. Bd3 b5 7. a3 Nbd7 8. Nge2 a6 9. Qd2 c5 10. dxc5 dxc5 11. Nf4 Bb7 12. 0-0 0-0 13. Rab1 Qc7 14. Rfd1 Rfd8 15. Be2 Ne5 16. Qe1 e6 17. Rd2 Rxd2 18. Qxd2 Rd8 19. Qe1 c4 20. Rd1 Nc6 21. Rd2 Rxd2 22. Qxd2 Qd7 23. Qc1 Ne8 24. Qe1 Nd4 25. Qd2 Bc6 26. Kf1 Nc7 27. Qd1 Kf8 28. Qd2 Ke8 29. Qd1 e5 30. Nh3 f6 31. Nf2 Na8 32. Ng4 Nb6 33. Bh6 a5 34. Bxg7 Qxg7 35. Ne3 Qd7 36. Ng4 Qe6 37. Ne3 Kf7 38. Kf2 Qd7 39. Ng4 Qe6 40. g3 h6 41. Bf1 b4 42. axb4 axb4 0-1

[Event "Voronezh Winter Rating op"]
[Site "Voronezh"]
[Date "2015.01.17"]
[Round "1"]
[White "Rubtsov, Victor"]
[Black "Boev, Stanislav"]
[Result "0-1"]
[WhiteElo "1668"]
[BlackElo "1933"]
[PlyCount "68"]
[EventDate "2015.01.17"]
[EventType "swiss"]
[EventRounds "9"]
[EventCountry "RUS"]
[SourceTitle "EXT 2017"]
[Source "ChessBase"]
[SourceDate "2016.10.25"]
[SourceVersion "1"]
[SourceVersionDate "2016.10.25"]
[SourceQuality "1"]

1. e4 d6 2. d4 g6 3. Nf3 Bg7 4. Bc4 Nf6 5. Nc3 0-0 6. Be3 Nxe4 7. Bxf7+ Rxf7 8. Nxe4 Bf5 9. Nc3 Nd7 10. Qd2 Nb6 11. Ng5 Rf8 12. Qe2 e5 13. Nf3 e4 14. Nd2 d5 15. 0-0-0 c6 16. g4 Be6 17. h3 Qe7 18. Rdf1 Rae8 19. f3 exf3 20. Rxf3 Rxf3 21. Qxf3 Bxg4 22. hxg4 Qxe3 23. Qxe3 Rxe3 24. Nb3 Rg3 25. Re1 Nc4 26. Re8+ Kf7 27. Re1 Rxg4 28. Rf1+ Kg8 29. Rd1 Rg2 30. Re1 h5 31. Re8+ Kf7 32. Re1 h4 33. Rh1 Bh6+ 34. Kd1 h3 0-1